000 00497nam a2200169 4500
005 20250402150401.0
010 _aENG-144450
020 _a9789357315913
_c599.00
035 _aEN-127982
037 _bDBAD
082 _aS
245 _ahell Hath No Fury/
_cEdited By Shinie Antomy
260 _aGurugram
_bHachette Books Publishing
_c2024
270 _a4th and 5th Floor, Corporate Centre, Plot No.-94, Sector 44,
_bGurugram
_e122003
300 _a269p.
_c20cm(pb)
942 _2ddc
_cEN
_hS
_mHEL
999 _c210664
_d210664